03528nam a2200433Ia 4500001000900000003000500009005001700014007000300031008004100034040001800075245021000093260003200303300008100335336002700416337002800443338002800471500005500499502009500554504003400649505069600683650001301379650003401392650001501426650003301441650001301474650001701487700004401504700004901548856016201597856015101759856013901910856015002049856016302199856016902362856015802531856016002689856016402849856008103013dia_1743CHAP20240503125705.0ta220117s2015 mx bdeofr 001 0 spa d cCHAPamxchpua13aCooperativa Campesina Intercomunal Peumo Coopeumo Ltda. : bregión Libertador Bernardo O´Higgins, Chile /ccoordinadora Ofelia Sandoval Castilla ; colaboradores Julio César Briones Juárez...[et al.] aMéxico :bEl autor,c2015 a116 hojas :bmapas, gráficas, diagramas, tablas, fotos, planos +e1 CD-ROM 2rdacontentatextobtxt 2rdamediaano mediadobn 2rdacarrieravolumenbnc aGrado 7° Grupo 4 El CD contiene reporte y planos  aViaje de estudios b(EIUPA) -- cUACh. Departamento de Ingeniería Agroindustrial, d2015 aBibliografía: hojas 112-116 a9 planos -- 1. Plano general de distribución de áreas (propuesta) (Esc. 1:500) -- 2. Plano general de distribución de áreas (actual) (Esc. 1:500) -- 3. Plano de distribución de áreas actual(Esc. 1:50) -- 4. Plano de distribución de áreas ideal (planta ciruela) (Esc. 1:50) -- 5. Plano de distribución de áreas propuesta (planta ciruela) (Esc. 1:50) -- 6. Plano de distribución de áreas propuesta (planta hortalizas) (Esc. 1:50) -- 7. Plano de distribución de equipos actual (planta ciruela) (Esc. 1:50) -- 8. Plano de distribución de equipos ideal (planta ciruela) (Esc. 1:50) -- 9. Plano de distribución de equipos propuesta (planta ciruela) (Esc. 1:50)13aFrutos 13aIndustria agrícolazChile 13aVerduras 13aAgricultural industryzChile13aFruits 13aVegetables 1 aSandoval Castilla, Ofeliaecoordinadora1 aBriones Juárez, Julio Césarecolaborador41uhttp://10.13.5.2/ve/TC711EIUPA/TC711EIUPA2015-PLANO-DISTRIBUCIONDEAREASGENERALPOPUESTA.pdfyDESCARGAR PLANO GENERAL DE DISTRIBUCIÓN DE ÁREAS (PROPUESTA) 41uhttp://10.13.5.2/ve/TC711EIUPA/TC711EIUPA2015-PLANO-DISTRIBUCIONGENERALDEAREAS.pdfyDESCARGAR PLANO GENERAL DE DISTRIBUCIÓN DE ÁREAS (ACTUAL) 41uhttp://10.13.5.2/ve/TC711EIUPA/TC711EIUPA2015-PLANO-DISTRIBUCIONDEAREASACTUAL.pdfyDESCARGAR PLANO DE DISTRIBUCIÓN DE ÁREAS ACTUAL41uhttp://10.13.5.2/ve/TC711EIUPA/TC711EIUPA2015-PLANO-DISTRIBUCIONDEAREAS.pdfyDESCARGAR PLANO DE DISTRIBUCIÓN DE ÁREAS IDEAL (PLANTA CIRUELA) 41uhttp://10.13.5.2/ve/TC711EIUPA/TC711EIUPA2015-PLANO-DISTRIBUCIONDEAREASPROPUESTA.pdfyDESCARGAR PLANO DE DISTRIBUCIÓN DE ÁREAS PROPUESTA (PLANTA CIRUELA) 41uhttp://10.13.5.2/ve/TC711EIUPA/TC711EIUPA2015-PLANO-DISTRIBUCIONPROPUESTAHORTALIZAS.pdfyDESCARGAR PLANO DE DISTRIBUCIÓN DE ÁREAS PROPUESTA (PLANTA HORTALIZAS) 41uhttp://10.13.5.2/ve/TC711EIUPA/TC711EIUPA2015-PLANO-DISTRIBUCIONDEEQUIPOACTUAL.pdfyDESCARGAR PLANO DE DISTRIBUCIÓN DE EQUIPOS ACTUAL (PLANTA CIRUELA) 41uhttp://10.13.5.2/ve/TC711EIUPA/TC711EIUPA2015-PLANO-DISTRIBUCIONDEEQUIPODETALLADO.pdfyDESCARGAR PLANO DE DISTRIBUCIÓN DE EQUIPOS IDEAL (PLANTA CIRUELA) 41uhttp://10.13.5.2/ve/TC711EIUPA/TC711EIUPA2015-PLANO-DISTRIBUCIONDEEQUIPOPROPUESTA.pdfyDESCARGAR PLANO DE DISTRIBUCIÓN DE EQUIPOS PROPUESTA (PLANTA CIRUELA) 41uhttp://10.13.5.2/ve/TC711EIUPA/TC711EIUPA2015-REPORTE.pdfyDESCARGAR REPORTE